|
|
|
|
| LEADER |
01948nam a2200433 a 4500 |
| 001 |
28223 |
| 003 |
BD-DhAAL |
| 005 |
20140807160331.0 |
| 008 |
000113s1999 ii b 001 0 eng |
| 010 |
|
|
|a 99939183
|
| 020 |
|
|
|a 0195651561
|
| 025 |
|
|
|a I-E-99-939183; 63-92
|
| 035 |
|
|
|a (DLC) 99939183
|
| 037 |
|
|
|b Library of Congress -- New Delhi Field Office
|c Rs550.00
|
| 040 |
|
|
|a DLC
|c DLC
|d DLC
|d BD-DhAAL
|
| 041 |
|
|
|a eng
|
| 042 |
|
|
|a lcode
|
| 043 |
|
|
|a a-ii---
|
| 050 |
0 |
0 |
|a DS463
|b .C36 1999
|
| 082 |
0 |
0 |
|a 320.54/0954
|2 21
|
| 100 |
1 |
|
|a Chatterjee, Partha,
|d 1947-
|9 5417
|
| 240 |
1 |
0 |
|a Works.
|k Selections.
|f 1999
|
| 245 |
1 |
4 |
|a The Partha Chatterjee omnibus.
|
| 260 |
|
|
|a New Delhi ;
|a New York :
|b Oxford University Press,
|c 1999.
|
| 300 |
|
|
|a x, 181, 282, 301 p. ;
|c 23 cm.
|
| 504 |
|
|
|a Includes bibliographical references and index.
|
| 505 |
0 |
|
|a Nationalist thought and the colonial world --The nation and its fargments -- A possible India.
|
| 541 |
|
|
|e 28223
|
| 650 |
|
0 |
|a Nationalism
|z India.
|9 5418
|
| 651 |
|
0 |
|a India
|x Politics and government
|y 1765-1947.
|9 5419
|
| 651 |
|
0 |
|a India
|x Politics and government
|y 1947-
|9 5420
|
| 700 |
1 |
|
|a Chatterjee, Partha,
|d 1947-
|t Nationalist thought and the colonial world.
|f 1999.
|9 5421
|
| 700 |
1 |
|
|a Chatterjee, Partha,
|d 1947-
|t Nation and its fragments.
|f 1999.
|9 5422
|
| 700 |
1 |
|
|a Chatterjee, Partha,
|d 1947-
|t Possible India.
|f 1999.
|9 5423
|
| 856 |
4 |
2 |
|3 Publisher description
|u http://www.loc.gov/catdir/enhancements/fy0606/99939183-d.html
|
| 942 |
|
|
|2 ddc
|c BK
|
| 999 |
|
|
|c 32872
|d 32872
|
| 952 |
|
|
|0 0
|1 0
|2 ddc
|4 0
|6 320_540954000000000_CHA
|7 0
|9 43382
|a BRACUL
|b BRACUL
|c GEN
|d 2014-08-07
|e Riza Enterprize
|g 1400.00
|l 5
|m 29
|o 320.540954 CHA
|p 3010028223
|r 2025-01-12
|s 2024-10-21
|t 1
|w 2014-08-07
|y BK
|
| 952 |
|
|
|0 0
|1 0
|2 ddc
|4 0
|6 320_540954000000000_CHA
|7 0
|9 43385
|a BRACUL
|b BRACUL
|c GEN
|d 2014-08-07
|e Riza Enterprize
|g 1400.00
|l 2
|m 3
|o 320.540954 CHA
|p 3010028224
|r 2016-11-15
|s 2015-02-14
|t 2
|w 2014-08-07
|y BK
|